Statistiche per Quiz su Cipro

Clicka qui per fare il quiz!

Statistiche generali

  • Questo quiz è stato fatto 729 volte
  • Il punteggio medio è 11 su 20

Statistiche sulle risposte

DomandaRisposta% Corretto
Quali sono i due continenti più vicini geograficamente a Cipro?Asia
97%
Quali sono i due continenti più vicini geograficamente a Cipro?Africa
96%
Lingue ufficialiTurco
95%
Lingue ufficialiGreco
91%
CapitaleNicosia
90%
Come si chiamano gli abitanti di Cipro?Ciprioti
88%
Quale impero conquistò l'isola nel 1570?Impero Ottomano
80%
Quale impero ha controllato l'isola dal 58 a.C. fino alle Crociate?Impero romano /
Impero bizantino
71%
Quale corrente del cristianesimo è praticato dal 78% della popolazione?Greco-Ortodossa
69%
Chi conquistò l'isola nel 333 a.C.? (persona)Alessandro Magno
60%
Quale paese ha basi militari sull'isola chiamate Akrotiri e Dhekelia?Regno Unito
57%
Quale antica dea sarebbe nata dalla schiuma del mare sulla costa di Cipro?Afrodite
56%
Quale stato non riconosciuto, insediato dopo l'invasione turca del 1974, controlla la
parte settentrionale del paese?
Cipro del Nord
45%
Quale opera di Shakespeare, con protagonista un generale moresco, è ambientata principalmente a Cipro?Otello
30%
Qual è il soprannome della zona cuscinetto dell'ONU che separa le due parti del Paese?Linea {Verde}
26%
Monte più altoOlimpo
20%
Quale re crociato conquistò brevemente l'isola nel 1191?Riccardo Cuor di Leone
19%
Quale verdura della famiglia delle Brassicacee (o crucifere) si pensa provenga da Cipro?Cavolfiore
15%
Il più importante poeta cipriotaVasilis Michaelides
10%
Piatto tradizionale a base di carne di capra essiccataTsamarella
9%

Distribuzione punteggi

Percentile per numero di risposta

Percentuale di utenti per punteggio

I tuoi punteggi nel tempo

Non hai fatto questo quiz